MARC

LEADER 00000nam0a2200000 4500
001 139480
005 20231101220810.0
010 |a 5835502656 
035 |a (RuTPU)RU\TPU\book\151106 
090 |a 139480 
100 |a 20080607d1991 m y0rusy50 ca 
101 0 |a rus 
102 |a KG 
105 |a a z 001zy 
200 1 |a Очаги сильных землетрясений Средней Азии  |f Т. К. Аманкулов 
210 |a Бишкек  |c Илим  |d 1991 
215 |a 248 с.  |c ил. 
320 |a Библиогр.: с. 224-248. 
606 |a Землетрясения  |2 stltpush  |3 (RuTPU)RU\TPU\subj\11717  |9 38626 
610 1 |a Средняя Азия 
610 1 |a очаговые параметры 
610 1 |a сейсмоактивные районы 
675 |a 550.348.436  |v 3 
700 1 |a Аманкулов  |b Т. К.  |g Талантбек Каролчуевич 
801 1 |a RU  |b 63413507  |c 20080607  |g PSBO 
801 2 |a RU  |b 63413507  |c 20170914  |g PSBO 
942 |c BK